000 02132nam0a2200409 4500
001 RU\NLR\BIBL_A\022431585
005 20260408214949.0
010 _a978-5-89076-479-9
_91000
035 _a(NLR Aleph) 022431585
090 _a13345212
_c13345212
100 _a20250121d2023 |||y0rusy50 ca
101 0 _arus
102 _aRU
105 _aa z 000yy
181 0 _ab3
_bbb2e
181 0 _ai2
_baxxe
182 0 _an
200 1 _aТеатральные костюмы
_eгравюра и литография XIX века
_f[ГИМ Исторический музей, Редакционно-издательский отдел ГИМ
_fЛидия Николаевна Соколова
203 _aИзображение
_aТекст
_bвизуальные
_cнепосредственные
210 _aМосква
_cГосударственный исторический музей
_d2023
215 _a183 с.
_cцв. ил.
_d24
309 _aОбл. с вырубкой в виде полукруглого окна
601 0 2 _aГосударственный исторический музей
_cМосква, город
_xКоллекция графики
_92282362
_3RU\NLR\AUTH\6601595486
606 1 _aГравюра французская
_z19 в.
_91187862
_3RU\NLR\AUTH\66161136
606 1 _aЛитография французская
_z19 в.
_91319806
_3RU\NLR\AUTH\66232270
606 _aТеатральный костюм
_z19 в.
_92662804
_3RU\NLR\AUTH\6601750831
686 1 _aЩ101.3(2Р)-2Москва2Гос. истор. музей
686 1 _aЩ330.774г(0)5
686 1 _aЩ153(4Фр)5-45
686 1 _aЩ153(4Фр)5-455.6
702 1 _4220
_7ca
_8rus
_aСоколова
_bЛ. Н.
_cискусствовед
_f1991-
_gЛидия Николаевна
_9258808
_3RU\NLR\AUTH\770258864
712 0 2 _4570
_aГосударственный исторический музей
_bРедакционно-издательский отдел
_cМосква
_92654648
_3RU\NLR\AUTH\880622280
942 _cBOOK
980 _aNB